Statistics for Divided Country Shape Puzzle #2

Click here to take the quiz!

General Stats

  • This quiz has been taken 1,038 times
  • The average score is 10 of 15

Answer Stats

Country Name% Correct
Canada
94%
India
94%
China
79%
DR Congo
77%
Jordan
76%
Papua New Guinea
72%
Nicaragua
71%
Venezuela
69%
Panama
65%
Vatican City
65%
Syria
56%
Ukraine
53%
Trinidad & Tobago
51%
Gabon
41%
Liberia
33%

Score Distribution

Percentile by Number Answered

Percent of People with Each Score

Your Score History

You have not taken this quiz